Statistiques concernant Les Mouvements Littéraires

Cliquez ici pour prendre le quiz!

Statistiques générales

  • Ce quiz a été pris 800 fois
  • Le résultat moyen est 8 sur 13

Statistiques - réponses

PériodeMouvement LittéraireAuteursAuteursAuteursAuteurs% Correct
1800 - 1850RomantismeHugoLamartineMusset
91%
1830 - 1890RéalismeBalzacStendhal
84%
1660 - 1680ClassicismeRacineMolièreLa Fontaine
78%
1580 - 1660BaroqueCorneilleD'Auvigné
72%
1870 - 1880NaturalismeZolaMaupassant
71%
1918 - 1945SurréalismeBreton
71%
1715 - 1789LumièresMontesquieuDiderotVoltaireRousseau
64%
1490 - 1580HumanismeRabelaisMontaigne
60%
1950 - 1970Nouveau RomanDurasSarrauteButorRobbe-Grillet
59%
1550 - 1570PléïadeRonsardDu Bellay
56%
1870 - 1890SymbolismeVerlaine
50%
1950 - 1960AbsurdeIonescoBeckett
48%
1840 - 1890ParnasseGautier
41%

Distribution des résultats

Percentile par nombre de réponses

% des personnes avec chaque résultat

Votre développement - résultats

Vous n’avez pas pris ce quiz